It looks like you're offline.
Open Library logo
additional options menu

MARC Record from Scriblio

Record ID marc_records_scriblio_net/part03.dat:170103080:649
Source Scriblio
Download Link /show-records/marc_records_scriblio_net/part03.dat:170103080:649?format=raw

LEADER: 00649cam 22002291 4500
001 45032488
003 DLC
005 20050911175855.0
008 780510s1941 sp bc 001 0 spa
010 $a 45032488
035 $a(OCoLC)3882258
040 $aDLC$cTxWB$dDLC
042 $apremarc
050 00 $aDP48$b.M23 1941a
082 $a914.6
100 1 $aMaeztu, Ramiro de,$d1875-1936.
245 10 $aDefensa de la hispanidad,$cpor Ramiro de Maeztu.
250 $a4. ed.
260 $aMadrid$b[Cultura espanõla]$c1941.
300 $a368 p., 1 l.$bport., fold. map.$c21 cm.
651 0 $aSpain$xCivilization.
650 0 $aNational characteristics, Spanish.